书目信息 |
| 题名: |
绘本赏析与创意教学
|
|
| 作者: | 王林 , 余治莹 著 | |
| 分册: | ||
| 出版信息: | 石家庄 河北教育出版社 2010 |
|
| 页数: | 220页 | |
| 开本: | 26cm | |
| 丛书名: | ||
| 单 册: | ||
| 中图分类: | I106.8 , G613.2 , G613.2 | |
| 科图分类: | ||
| 主题词: | 图画故事--文学欣赏--世界 , 小学语文课--阅读教学--教学参考资料 , 教育--各级 | |
| 电子资源: | ||
| ISBN: | 978-7-5434-7494-9 | |
| 000 | 00933nam0 2200277 450 | |
| 001 | 1574542138 | |
| 005 | 20150131204246.00 | |
| 010 | @a978-7-5434-7494-9@dCNY27.80 | |
| 100 | @a20110115d2010 em y0chiy50 ea | |
| 101 | 0 | @achi |
| 102 | @aCN@b130000 | |
| 105 | @aa z 000yy | |
| 200 | 1 | @a绘本赏析与创意教学@9hui ben shang xi yu chuang yi jiao xue@f王林,余治莹著 |
| 210 | @a石家庄@c河北教育出版社@d2010 | |
| 215 | @a220页@c图@d26cm | |
| 330 | @a精挑25本世界大奖及畅销精品绘本,作为教学辅助教材,针对教学活动,特别设计50份创意学习单,让学生配合体验、互动,讨论,让阅读教学立体化。 | |
| 606 | 0 | @a图画故事@x文学欣赏@y世界 |
| 606 | 0 | @a小学语文课@a阅读教学@j教学参考资料 |
| 606 | 0 | @a教育@x各级 |
| 690 | @aI106.8@v5 | |
| 690 | @aG613.2@v5 | |
| 690 | @aG613.2@v4 | |
| 701 | 0 | @a王林@9wang lin@c(儿童文学@f1972~)@4著 |
| 701 | 0 | @a余治莹@9yu zhi ying@4著 |
| 801 | 0 | @aCN@bTSSF@c20150131 |
| 905 | @aZUCC@dG613.2@eJY19 | |
| 绘本赏析与创意教学/王林,余治莹著.-石家庄:河北教育出版社,2010 |
| 220页:图;26cm |
| ISBN 978-7-5434-7494-9:CNY27.80 |
| 精挑25本世界大奖及畅销精品绘本,作为教学辅助教材,针对教学活动,特别设计50份创意学习单,让学生配合体验、互动,讨论,让阅读教学立体化。 |
| ● |
| 相关链接 |
|
|
|
|
正题名:绘本赏析与创意教学
索取号:G613.2/JY19
 
预约/预借
| 序号 | 登录号 | 条形码 | 馆藏地/架位号 | 状态 | 备注 |
| 1 | 7846473 | 278464733 | 学院路分馆/ [索取号:G613.2/JY19] | 在馆 |